|
|
|
|
| LEADER |
00973nam a2200241 a 4500 |
| 001 |
2088203 |
| 008 |
091116s1996 njuab b 001 0 eng d |
| 010 |
|
|
|a 95031269
|
| 020 |
|
|
|a 013102468X
|
| 040 |
|
|
|a DLC
|c DLC
|d DLC
|
| 082 |
0 |
0 |
|a 338.1
|2 20
|
| 100 |
1 |
|
|a Penson, John B.
|
| 245 |
1 |
0 |
|a Introduction to agricultural economics /
|c John B. Penson, Jr., Oral Capps, Jr., C. Parr Rosson III.
|
| 260 |
|
|
|a Upper Saddle River, N.J. :
|b Prentice Hall,
|c c1996.
|
| 300 |
|
|
|a xviii, 525 p. :
|b ill., maps ;
|c 25 cm.
|
| 504 |
|
|
|a Includes bibliographical references and index.
|
| 541 |
1 |
|
|e 00011008
|
| 650 |
|
0 |
|a Agriculture
|x Economic aspects.
|
| 700 |
1 |
|
|a Capps, Oral.
|
| 700 |
1 |
|
|a Rosson, C. Parr.
|
| 852 |
4 |
|
|a Ayesha Abed Library
|j General Shelf
|
| 999 |
|
|
|c 5573
|d 5573
|
| 952 |
|
|
|0 0
|1 0
|2 ddc
|4 0
|6 338_100000000000000_PEN
|7 0
|9 5469
|a BRACUL
|b BRACUL
|c GEN
|d 2009-11-17
|g 0.00
|l 3
|m 24
|o 338.1 PEN
|p 3010011008
|r 2025-07-07
|s 2025-04-16
|t 1
|w 2009-11-17
|y BK
|x No price found in the accession register.
|